• 首页
  • 本馆介绍
  • 公告通知
  • 最新文献
  • 馆藏检索
  • 电子资源
  • 读者导购
  • 参考咨询
  • 我的图书馆
  • 登录
  • 详细信息显示
  • 放入我的书架
  • 预约/预借图书
  • 作者相关作品
  • 分类相关作品
  • 丛书相关作品
  • 出版社相关作品

书目信息

  • 表格格式
  • 工作单格式
  • 卡片格式
题名:
大学生艺术素质教育大百科
    
 
作者: 海震 , 金秋 主编
分册:  
出版信息: 北京   中国文联出版社  2006
页数: 297页
开本: 21cm
丛书名: 中国青少年艺术素质教育丛书
单 册:
中图分类: J-49
科图分类:
主题词: 艺术--青年读物
电子资源:
ISBN: 7-5059-5137-8
000 01211nam0 2200349 450
000 01174nam0 2200337 450
000 01144nam0 2200337 450
000 01090nam0 2200313 450
000 01119nam0 2200301 450
000 01082nam0 2200289 45
001 TS2006046235
005 20061214105639.67
010    @a7-5059-5137-8@dCNY20.00
100    @a20060829d2006 em y0chiy0110 ea
101 0  @achi
102    @aCN@b110000
105    @aa z 000yy
200 1  @a大学生艺术素质教育大百科@ADa Xue Sheng Yi Shu Su Zhi Jiao Yu Da Bai Ke@f海震,金秋主编@FHai Zhen, Jin Qiu Zhu Bian
210    @a北京@c中国文联出版社@d2006
215    @a297页@c图@d21cm
225 2  @a中国青少年艺术素质教育丛书
330    @a本书为大学生艺术素质教育大百科,讲述了音乐、美术、舞蹈、戏剧、影视等内容,生动形象的讲述大学生艺术的内容。
333    @a使用对象: 普通青年
410  0 @12001 @a中国青少年艺术素质教育丛书
606 0  @a艺术@x青年读物
690    @aJ-49@v4
701  0 @a海震@AHai Zhen@4主编
701  0 @a金秋@AJin Qiu@4主编
801  0 @aCN@b中图数据@c20061214
905    @a10447@dJ-49@e20
    
    大学生艺术素质教育大百科/海震,金秋主编.-北京:中国文联出版社,2006
    297页:图;21cm.-(中国青少年艺术素质教育丛书)
    使用对象:使用对象: 普通青年
    
    ISBN 7-5059-5137-8:CNY20.00
    本书为大学生艺术素质教育大百科,讲述了音乐、美术、舞蹈、戏剧、影视等内容,生动形象的讲述大学生艺术的内容。
●
相关链接 在E读中查询图书 在五车中查询图书 在当当中查询图书 在豆瓣中查询图书


正题名:大学生艺术素质教育大百科     索取号:J-49/20         预约/预借

序号 登录号 条形码 馆藏地/架位号 状态 备注
1 0600926   206009264   第一样本阅览室/ [索取号:J-49/20] 在馆    
2 0600927   206009273   第一借阅区/ [索取号:J-49/20] 在馆    
3 0600928   206009282   第一借阅区/ [索取号:J-49/20] 在馆    
4 0600929   206009291   第一借阅区/ [索取号:J-49/20] 在馆    
5 0600930   206009308   第一借阅区/ [索取号:J-49/20] 在馆    
6 0600931   206009317   第一借阅区/ [索取号:J-49/20] 在馆    
唐山师范学院图书馆 欢迎您!
大连网信软件有限公司© 版权所有